000 00262nam a2200109Ia 4500
008 180117s9999 xx 000 0 und d
245 _aCrossword
260 _c2016
300 _a26 pages, 2016 February 28
440 _aPhilippine Panorama
650 _aCROSSWORD
999 _c353524
_d353524